000 00513pab a2200181 454500
008 180718b1997 xxu||||| |||| 00| 0 eng d
100 _aAdamolekun, Ladipo
245 _aMalawi Institute of Management: a partial success story
260 _c1997
300 _ap.529-42
362 _aDec
650 _aManagement education - Malawi
650 _aManagement education
700 _aKulemeka, Noel
700 _aLaleye, Mouftaou
773 _aInternational Review of Administrative Sciences
909 _a37116
999 _c37116
_d37116